LEADER 01069nam a2200229 i 4500 001 000000173173 003 CaOOAMICUS 005 20200224102514.0 008 080709s2005 it u000 u ita u 013 $a150625 020 $a88-323-6037-3 040 $aSeMil$bita 245 10$aVolume 1. [Parte 2]. 300 $aP. [443]-1154. 710 2 $aUniversità degli Studi : Facoltà di Lettere e filosofia .$0(OLS)http://semarc/name/2558 773 0 $aUniversità degli Studi : Facoltà di Lettere e filosofia $tVincenzo Monti nella cultura italiana.$dMilano : Cisalpino, 2005-2006-$kQuaderni di Acme / Università degli studi di Milano, Facoltà di lettere e filosofia$gVolume1$w()19779 850 $aSeMil 852 $aSeMil$W1$xVenegono$y1$m1O VI 232$j236534$B124020$CSeMilBibl$Z2$F135155 $81 961 $aOmaggio: Ballarini mons. Marco 996 $6020$a88-323-6037-3$9(OLS)http://semarc/number/160745 996 $6245$aVolume 1. [Parte 2]$9(OLS)http://semarc/title/248018 LEADER 01032nam a2200265 4500 001 000000362729 003 CaOOAMICUS 005 20250508115510.0 008 250508s1993 it 000 u ita r 020 $a88-7801-203-3 040 $aSeMil$bita 100 1 $aCardini, Franco,$d<1940- >.$0(OLS)http://semarc/name/321 245 10$aStudi sulla storia e sull'idea di Crociata /$cdi Franco Cardini. 264 1$aRoma :$bJouvence,$c1993. 300 $a503 p. ;$c21 cm 490 1 $aStoria ;$v29 650 4$aCrociate - Idea.$0(OLS)http://semarc/subject/48339 830 0$aStoria ;$v29.$0(OLS)http://semarc/title/425847 850 $aSeMil 852 $aSeMil$W1$xVenegono$y1$m3T II 84$j256673$B253633$CSeMilBibl$Z2$F253633 $81 961 $aBuzzi mons. Franco - Omaggio 996 $6020$a88-7801-203-3$9(OLS)http://semarc/number/303138 996 $6245$aStudi sulla storia e sull'idea di Crociata$9(OLS)http://semarc/title/453698 996 $6264$aRoma :$bJouvence$9(OLS)http://semarc/publisher/33671